[Event "Manhattan March Int"]
[Site "New York"]
[Date "1999.03.05"]
[Round "1"]
[White "Shliperman, Igor"]
[Black "Timoshenko, Georgy"]
[Result "0-1"]
[WhiteElo "2442"]
[BlackElo "2592"]
[Annotator "Har Zvi,R"]
[PlyCount "76"]
[EventDate "1999.03.05"]
[EventType "tourn"]
[EventRounds "9"]
[EventCountry "USA"]
[EventCategory "10"]
[SourceTitle "CBM 070"]
[Source "ChessBase"]
[SourceDate "1999.06.08"]
[SourceVersion "1"]
[SourceVersionDate "1999.06.08"]
[SourceQuality "1"]

1. e4 c5 2. Nf3 Nc6 3. Bb5 d6 4. Bxc6+ bxc6 5. O-O e5 6. c3 Nf6 7. Re1 Be7 (
7... Bg4 8. d3 $5 {N} Be7 9. Nbd2 O-O 10. h3 Bh5 11. Nf1 Re8 12. Ng3 (12. g4 $5
Bg6 13. Ng3 $14) 12... Bg6 13. a3 $6 {><b3} (13. Nh4 $1 $14 {|^ Hachian,M;
Aronian}) 13... Bf8 $6 14. b4 a5 15. bxc5 dxc5 16. Bg5 $1 $14 {+/= Pavlenko,
B-Hachian,M/Moldova 1994/Inf 60}) 8. d4 cxd4 9. cxd4 exd4 10. Qxd4 (10. Nxd4
Bd7 11. Nc3 (11. Qf3 O-O 12. Nc3 Ne8 13. Be3 Bf6 14. Rac1 g6 15. Red1 Bg7 16.
h3 Rc8 17. Qe2 Rb8 18. Rd2 Qe7 19. Qd3 $14 {1-0 Lakos,N-Dworakowska,J/EU-chJW
U18 1995/EXT 95ch2 (60)}) 11... O-O 12. Bf4 Re8 13. Qd2 Nh5 14. Be3 Nf6 15. f3
Kh8 16. Rad1 d5 17. exd5 cxd5 18. Nde2 Bb4 19. Nf4 Ba4 20. b3 Bc6 21. Bd4 $14 {
1/2-1/2 Titov,G-Ernst,T/Manila olm 1992/TD 92\02 (79)}) 10... O-O 11. Bg5 (11.
Bf4 c5 12. Qd3 d5 $13) 11... h6 {a correct move white now playes Bh4 and the
bishop is no longer on the diagonal c1-h6 so he is little bit out of playon h4}
12. Bh4 c5 13. Qd3 a5 $6 {this is a correct idea but as will see Black
probably does not have time for this!} (13... Be6 14. Nc3 Qb6 {[%cal Ga8d8,
Gf8e8] with about equal position}) 14. Nc3 a4 {[%csl Rb2]} (14... Bb7 15. Rad1
Qc7) 15. Rad1 Be6 16. Qc2 $1 {threatening now e5} (16. Bxf6 Bxf6 17. Qxd6 Qxd6
18. Rxd6 Bxc3 (18... a3 19. e5 Be7 20. Rd2) 19. bxc3 Bxa2 $17 {[%csl Ga4]}) (
16. e5 dxe5 17. Qc2 Qc8 18. Rxe5 (18. Nxe5 Re8 $11) 18... a3 19. b3 c4) 16...
Qa5 17. Bxf6 $6 {white wants the pawn and he want him now!! well after "e5" I
think black was in a serious trouble now white indeed wins the pawn but
black's gets very nice compensation and now he is the one with the initiative}
(17. e5 $5 dxe5 18. Nxe5 Qa6 (18... Rfc8 19. Ng6 $1 Bd8 20. Nf4 Bc4 21. Bxf6
Bxf6 22. Ne4 Bxa2 23. Nxf6+ gxf6 24. Nh5 $18) 19. Ne4 $1 Bxa2 20. Bxf6 gxf6 (
20... Bxf6 21. Rd6 $16) 21. Nd7 $16 Bb3 22. Qd2 $1 {[%cal Gd2h6]}) 17... Bxf6
18. Rxd6 Bxc3 19. bxc3 (19. Qxc3 Qxc3 20. bxc3 Bxa2 $17 {[%csl Ra4]}) 19... a3
$1 {[%csl Ra2][%cal Gf8b8,Gb8b2] immediately fixing the "a2" pawn} 20. Rd2 Rab8
{so what we have here?? well I choose black,since it seems if he wins the "a"
pawn then the game is over since with a such bishop on "e6" and very bad
knight on "f3" this pawn is Queen so white must keep protect it wite all he
can but then the question is will he be able to do it and at what cost? well
black's play also seems quite simple here lets look} 21. Qc1 Rfd8 $1 22. Rc2 (
22. Rxd8+ Rxd8 23. Re2 (23. Qc2 Rb8 24. Rd1 Rb2 25. Qd3 Bxa2 $17) 23... Qa4 $1
$17) (22. Red1 Rxd2 23. Rxd2 Qb5 $1 $17 {[%cal Gb5b2,Gb5b1] with ideas Qb2!
and Qb1! well just look how white's extra pawn on the King's side has no
meaning at all}) 22... Rb6 {so now after 21...Rfd8 black controls both files
the "b" and "d" I believe now we can say for sure black is just better and
even more that Bxf6 was a big big mistake by white} 23. Ne5 Kh7 $1 {not
allowing white Ng6-Nf4-Nd5...} (23... f6 24. Ng6 {[%cal Gg6f4,Gf4d5]}) 24. f4
f6 25. Nf3 (25. f5 {white must give this move a lot of thinking since maybe it
was better for him to get a worse rook endgame with not bad chance to make a
draw while now the bishop is so much better than white's knight} fxe5 26. fxe6
Rxe6 $15 {[%csl Ra2][%cal Gd8d1] /-/+}) 25... Rdb8 26. f5 (26. e5 f5 $1 27. c4
Rb2 28. Qd1 Qa6 $1 {[%csl Rc4,Rd6]} 29. Nd2 Rxc2 30. Qxc2 Rb2 31. Qc3 Rxa2 32.
Rb1 Qa4 $17) 26... Bc4 {so what to play now with the white pieces?? well not
clear at all just black is playing here} 27. e5 {[%mdl 32]} (27. Rd1 Bd3 $1 (
27... Rb2 {also looks very strong}) 28. Rxd3 Rb1 29. Nd2 Rxc1+ 30. Rxc1 Rb2 $19
) (27. Rd2 Rb2 28. e5 Bxa2 29. exf6 Rb1 30. Qc2 Rxe1+ 31. Nxe1 Bb1 $19) 27...
Bd3 28. Rf2 (28. Rd2 Rb1 {[%csl Rc1]}) 28... fxe5 29. Nxe5 (29. Qe3 e4 $1 30.
Nd2 (30. Ne5 Qxc3 31. Nd7 Qxe1+ 32. Qxe1 Rb1 $19) 30... Qxc3 31. Nxe4 Qxe1+ 32.
Qxe1 Rb1 $19) 29... Rb1 30. Nxd3 Rxc1 31. Rxc1 Rd8 32. Nf4 Qa4 33. Rff1 Qc4 34.
Rf2 Rd6 35. g3 Qe4 36. Ng2 Rb6 37. Rf4 Qd3 38. Rff1 Rb2 0-1

[Event "Saintly Cup"]
[Site "Sydney"]
[Date "1999.01.30"]
[Round "8"]
[White "West, Guy"]
[Black "Oral, Tomas"]
[Result "0-1"]
[WhiteElo "2414"]
[BlackElo "2521"]
[Annotator "Har Zvi,R"]
[PlyCount "62"]
[EventDate "1999.01.22"]
[EventType "tourn"]
[EventRounds "9"]
[EventCountry "AUS"]
[EventCategory "10"]
[SourceTitle "CBM 070"]
[Source "ChessBase"]
[SourceDate "1999.06.08"]
[SourceVersion "1"]
[SourceVersionDate "1999.06.08"]
[SourceQuality "1"]

1. e4 c5 2. Nf3 d6 3. Bb5+ Nd7 4. O-O Ngf6 5. Re1 a6 6. Bf1 b6 7. c4 Bb7 8. Nc3
e6 (8... g6 9. d4 cxd4 10. Nxd4 Bg7 11. Bg5 O-O 12. Qd2 Rc8 13. Rac1 Re8 14.
Nd5 e6 15. Nxf6+ Nxf6 16. f3 Qc7 17. Kh1 Qb8 18. Bh6 Bh8 19. Nc2 Rcd8 20. Qf2
Qc7 21. Bg5 Rc8 22. Ne3 $13 {1/2-1/2 Jussupow,A-Landenbergue,C/Garmisch 1994/
EXP 43 (39)}) 9. d4 (9. a3 Be7 10. b4 O-O 11. Rb1 (11. d4 cxd4 12. Qxd4 Qc7 13.
Bb2 Rfd8 14. Rac1 Rac8 15. Nd2 Qb8 16. Kh1 Bf8 17. f4 Nh5 18. Qf2 d5 19. e5
dxc4 20. Nxc4 b5 21. Na5 Ba8 $132 {0-1 Kochetkov,G-Guliev,L/Nikolaev zt 1995/
CBM 47 (36)}) 11... Qc7 12. Qb3 Rab8 13. d3 Ng4 14. h3 Nge5 15. Nxe5 Nxe5 16.
b5 a5 17. Qd1 Bf6 18. Ne2 Rbd8 19. f4 Nd7 20. g3 g6 21. Bg2 Bg7 22. Qc2 d5 $132
{1/2-1/2 Campora,D-Spraggett,K/Manila olm 1992/TD 92\02 (67)}) 9... cxd4 10.
Nxd4 Be7 11. b3 (11. f3 Rc8 12. Be3 O-O 13. Rc1 Qc7 14. Kh1 Qb8 15. Qd2 Bd8 16.
Qf2 Bc7 17. Qg1 Rfe8 18. Red1 Qa8 19. b4 d5 20. cxd5 exd5 21. exd5 Nxd5 22.
Nxd5 Bxd5 $11 {1/2-1/2 Romanishin,O-Kotsur,P/Erevan olm 1996/EXT 96ch2 (37)})
11... O-O 12. Bb2 Re8 13. Qd2 (13. Qf3 Bf8 14. Rad1 Qc7 15. Qg3 Rad8 16. Bd3
Qb8 17. Bb1 Ba8 18. Qh4 Be7 19. Qh3 Bf8 20. Qh4 Be7 21. Qh3 Bf8 22. Qh4 {
1/2-1/2 Hansen,S-Maksimenko,A/Copenhagen op 1994/EXT 94op}) 13... Bf8 14. Rad1
Qc7 {this is quite a standard position in the hedge-hook structure,the onlu
difference is white's bishop on "b2" which normally should stand on "f2" with
the pawn on "f3",but still no big change in the position except one thing
which was the main factor here.,int\sted of white playing on the Queen's side
as he does normally because his bishop now is on "b2" he played for the attack
on the King's side which turns out to be a serious mistake} 15. Qg5 $6 {
well what the Queen is doing there?} Rad8 16. Bd3 Nc5 17. Bb1 {white is just
prepering the attack on the King's side,all his pieces are prepered for this,
but there is one big problem,it is so difficult to attack in this structure,
black is just waiting and will strike back at the best moment for him} Ba8 18.
Re3 Qb7 19. Rde1 Ncd7 {black is simply waiting for white to make the frist
move,white makes it very fast and it's his big mistake,all his plan of
attacking the king's side is a mistake,and still it was not too late to bring
back the pieces} 20. Rg3 Rc8 21. f4 $6 {forcing things,black as we see is well
prepered for this} (21. Qd2 $11) 21... Rc5 22. e5 (22. f5 e5 (22... b5 $5 23.
cxb5 axb5 24. b4 Rc4 25. fxe6 fxe6 $36 {[%csl Rb4][%cal Ge6e5]}) 23. Nc2 b5 24.
cxb5 axb5 25. Nb4 Kh8 $15 {[%cal Ge8c8,Gd7b6,Yd6d5]}) 22... dxe5 23. fxe5 Qb8
24. Nd5 $4 {what is this??panic or what white had Na4 with an unclear position
now the game is over} (24. Na4 Rxe5 25. Rxe5 Qxe5 (25... h6 26. Qf4 Qxe5 27.
Qxe5 Nxe5 28. Nxb6 Bb7) 26. Qxe5 Nxe5 27. Nxb6 Bc5 (27... Bb7 28. Na4 Ned7 $13)
28. Nxa8 Rxa8 29. Kf1 Rd8 $2 30. Nxe6 fxe6 31. Bxe5 Rd1+ 32. Ke2 Rxb1 33. Bxf6)
24... exd5 25. Nf5 g6 26. e6 d4 $6 (26... Rxe6 27. Rxe6 fxe6 28. Nh6+ (28. Nh4
{[%cal Gh4g6]} dxc4 $19) 28... Bxh6 29. Qxh6 Qf8 $19) 27. Bxd4 (27. e7 Bg7 (
27... Bxe7 $2 28. Rxe7 Rxe7 29. Nxe7+ Kf8 30. Nf5 gxf5 31. Bxd4) 28. Bxd4 Rxf5
29. Bxf5 h6 30. Qd2 (30. Qh4 gxf5 31. Ree3 {[%cal Gg3g7]} f4 32. Rxg7+ Kxg7 33.
Rh3 Kg6 $8 34. Qxh6+ Kf5 $19) 30... gxf5 $19 {[%cal Ga8e4]} 31. Qxh6 $4 Qxg3)
27... Rxe6 28. Rxe6 (28. Rf1 Rcc6 $19) 28... fxe6 29. Bxf6 exf5 30. Bxf5 Qd6 {
[%mdl 8256]} 31. Qh5 Qxf6 0-1

[Event "Sigeman & Co 06th"]
[Site "Malmo"]
[Date "1998.06.13"]
[Round "5"]
[White "Spassky, Boris Vasilievich"]
[Black "Lautier, Joel"]
[Result "0-1"]
[WhiteElo "2535"]
[BlackElo "2645"]
[Annotator "Har Zvi,R"]
[PlyCount "68"]
[EventDate "1998.06.09"]
[EventType "tourn"]
[EventRounds "9"]
[EventCountry "SWE"]
[EventCategory "13"]
[SourceTitle "CBM 066"]
[Source "ChessBase"]
[SourceDate "1998.09.30"]
[SourceVersion "1"]
[SourceVersionDate "1998.09.30"]
[SourceQuality "1"]

1. e4 c5 2. Nf3 Nc6 3. Bb5 d6 4. Bxc6+ bxc6 5. d3 e5 (5... g6 6. O-O Bg7 7. Re1
Nf6 8. e5 dxe5 9. Nxe5 Be6 10. Nc3 O-O 11. Nxc6 Qc7 12. Qf3 Rac8 13. Ne5 Nd7
14. Nxd7 Qxd7 15. Bf4 $16 {0-1 Angqvist,T-Zezulkin,J/Stockholm op 1992/TD
92\08 (35)}) 6. c4 (6. O-O g6 (6... Ne7 7. Ne1 (7. Re1 Ng6 8. Nc3 Be7 9. Ne2 f5
10. exf5 Bxf5 11. Ng3 Bd7 12. c3 O-O 13. Qa4 Kh8 14. Rb1 Qc7 15. d4 cxd4 16.
cxd4 c5 17. Qc2 Bc6 $36 {0-1 Vuksanovic,S-Buturin,V/Ubeda op 1997/EXP 56 (29)})
7... Ng6 8. f4 exf4 9. Bxf4 Nxf4 10. Rxf4 g6 11. Nd2 Bg7 12. Rb1 O-O 13. Rf1 f5
$36 {0-1 Fievet,P-Bosch,J/Hyeres op 1992/TD 92\11 (29)}) 7. Be3 Nf6 8. Nbd2 Bg7
9. c3 O-O 10. h3 h6 11. Qa4 Qc7 12. Nc4 Be6 $13 {1/2-1/2 Silar,L-Simek,P/
CZE-chT2 9697 1997/EXT 97 (37)}) 6... Ne7 7. Nc3 Ng6 8. g3 $6 {[%csl Gc8][%cal
Gc8g4,Rh5d1] a very strange move in my opinion,planning great future for black
light coloured bishop,why??} Be7 9. Ng1 {so this is white plan?? well I do not
know what he wants to do or get but he gets very bad position out of this story
} O-O 10. h4 f5 $1 $15 {[%cal Gf8f1] /-/+} 11. Qe2 (11. h5 Nh8 {[%cal Gh8f7,
Gf7g5]}) 11... Rb8 (11... Rf7 $5 {[%cal Gg6f8,Gf8e6]}) 12. f3 Rf7 $1 {[%cal
Gg6f8,Gf8e6,Gb8f8,Gf8f1]} 13. Be3 Qa5 (13... f4 $5 14. h5 $8 fxe3 15. hxg6 hxg6
16. Qh2 $13) 14. Qc2 Nf8 15. Bd2 (15. Nge2 Ne6 16. Bd2 Qb6) 15... Qb6 16. O-O-O
fxe4 17. fxe4 (17. dxe4 {[%csl Rf3]} Ne6) 17... Bg4 18. Nge2 Rf2 19. Be3 Rf3
20. Bg1 (20. Bd2 Ne6 (20... Rxd3 21. Na4)) 20... Ne6 $17 {well what can a
player with the black pieces can ask for more??black has really all possible
advantage one can ask pair of bishop strong squares in the center open files
for his tooks and so on...} 21. Rh2 Rbf8 22. b3 Bd8 $1 {the best place for
this bishop is of course on "a5' where he is going to} 23. Kb2 Qb7 24. Qc1 Qf7
{I think here we can say that white's position is not just bad but probably
losing it's just a matter of time before black comes with a break through plan}
25. Be3 Qh5 26. Rg2 Ba5 {[%cal Gh5d1,Gf8f1,Ga5e1] well everything is ready for
black last pieces which still does not threat anything to come and decide the
game} 27. Rdg1 Nd4 $19 28. Re1 Bh3 29. Rh2 (29. Rgg1 R3f6 $19 {[%cal Gd4f3]})
29... Bf1 (29... Nxe2 30. Rhxe2 Rxg3) 30. Ng1 Rxg3 31. Rxf1 Rxf1 32. Qxf1 Rxe3
33. Rh3 (33. Rf2 Ne6 $19) 33... Qh6 34. Nb1 Re1 0-1

[Event "ARG-ch"]
[Site "Buenos Aires"]
[Date "1998.04.20"]
[Round "5"]
[White "Ginzburg, Maximiliano"]
[Black "Fiorito, Fabian"]
[Result "1-0"]
[WhiteElo "2470"]
[BlackElo "2455"]
[Annotator "Har Zvi,R"]
[PlyCount "85"]
[EventDate "1998.04.15"]
[EventType "tourn"]
[EventRounds "15"]
[EventCountry "ARG"]
[EventCategory "9"]
[SourceTitle "CBM 065"]
[Source "ChessBase"]
[SourceDate "1998.08.06"]
[SourceVersion "1"]
[SourceVersionDate "1998.08.06"]
[SourceQuality "1"]

1. e4 c5 2. Nf3 d6 3. Bb5+ Nd7 4. d4 Ngf6 5. Nc3 a6 6. Bxd7+ Nxd7 7. O-O e6 8.
a4 $146 {an logical new move,white simply want to play "a5" so that after "b6"
or "b5" by black white takes it and black is left with a weak "a" pawn} (8.
dxc5 Nxc5 (8... dxc5 9. a4 b6 10. Bf4 Be7 11. Qe2 O-O 12. Rfd1 Qe8 13. Nd2 Nf6
14. Nc4 Qc6 15. Bd6 $16 {1/2-1/2 Fedorov,V-Ubilava,E/Oviedo rapid 1993/EXP 38 
(30)}) 9. Bg5 (9. Bf4 Qc7 10. Qd2 b5 11. b4 Nd7 12. Rfd1 Bb7 13. Bxd6 Bxd6 14.
Qxd6 Rc8 15. Qd4 Nf6 16. Rd3 O-O 17. Rad1 Qc4 18. e5 {1/2-1/2 Hachian,
M-Gallagher,J/Cannes op 1996/EXP 51}) 9... Qb6 (9... Qc7 10. Re1 f6 11. Bd2 (
11. Bh4 $5 g5 (11... b5 12. Nd4 b4 13. Nd5 exd5 14. Qh5+ Qf7 15. exd5+ Be7 16.
Qe2 O-O 17. Qxe7 Qxd5 18. Rad1 Bb7 $13 {1/2-1/2 Ricardi,P-Gallagher,J/Benidorm
op 1991/EXT 91op2 (68)}) 12. Bg3 h5 13. h4 $1 $16) 11... b5 $1 (11... Be7 $6
12. Nd4 O-O 13. f4 {/\ f5+/=}) (11... Qf7) 12. b4 Nd7 (12... Na4 $5 13. Nxa4
bxa4 $13) 13. a4 bxa4 14. Nxa4 e5 $1 (14... Be7 15. c4 $1 $16 {/\} (15. Nd4 Ne5
16. f4 Nc4 17. f5 e5 18. Qh5+ Kf8 19. Ne6+ Bxe6 20. fxe6 Bd8) 15... Qxc4 16.
Rc1 Qa2 $2 17. Rc2 $1 Qa3 18. Re3 $18) 15. Qe2 Bb7 16. c4 Rc8 17. Rec1 Be7 $13
{0-1 Ivanov,A-Browne,W/USA 1993/Inf 59/[Browne,W] (59)} (17... Qc6 {Browne,W}
18. b5 $1 Qxe4 19. Qxe4 Bxe4 20. bxa6 Be7 21. Be3 {/\ a7})) (9... f6 10. Be3 b5
11. b4 Na4 12. Nxa4 bxa4 13. c4 Bd7 14. Nd4 Be7 $13 {1/2-1/2 Zhang Zhong-Oll,L/
Maroczy mem 1997/CBM 62 (35)}) 10. Rb1 h6 (10... Bd7 11. b4 Na4 12. Nxa4 Bxa4
13. Qd3 h6 14. Be3 Qc7 15. c4 Be7 16. Rfc1 O-O 17. Nd4 Rfc8 18. h3 $11 {
1/2-1/2 Keres,P-Ljubojevic,L/Petropolis izt 1973/IZT (41)}) 11. Bh4 Bd7 12. Re1
g5 13. Bg3 Na4 14. Nxa4 Bxa4 15. b3 Bd7 16. Nd2 e5 17. Nc4 Qc6 18. Ne3 Be6 19.
c4 h5 20. f3 Bh6 21. Nd5 Rc8 22. Nf6+ Ke7 23. Nd5+ Bxd5 24. exd5 Qd7 25. Qd3 f6
26. b4 b5 $132 {1/2-1/2 Vasiukov,E-Ljubojevic,L/Hoogovens 1973/MCD-r7 (40)})
8... Be7 (8... b6 $5 {simply plaing against white's idea,although white
achvied something-black playes "b6" and not "b5"}) 9. a5 cxd4 (9... O-O $5) 10.
Qxd4 (10. Nxd4 $5) 10... O-O 11. Be3 Rb8 (11... Qc7 12. Rfd1) 12. Qd3 (12. Rfd1
$5) 12... b5 (12... Ne5 13. Nxe5 dxe5 14. Rfd1 $14 {[%csl Rc8]}) 13. axb6 Nxb6
14. b3 Bb7 15. Na4 Nd7 (15... Nxa4 $5 16. Rxa4 f5 $13 17. e5 (17. Nd2 Qe8 $13 {
[%cal Ge8g6]}) 17... Bxf3 18. gxf3 dxe5 19. Qxa6 Rf6 $132) 16. Nd2 (16. c4)
16... Qc7 17. f4 $6 {[%cal Ra8h1] after this move white's king becomes weak,
and there might be a problem on the a8-h1 diagonal} Rbc8 (17... f5 $5 $36) 18.
c4 Qc6 (18... f5 $5 {again and again this is a possible and not bad idea,just
opening the long diagonal,insted in a few move black got exactly the opposite,
the a8-h1 was closed and the the a1-h8 was open for white's bishop!}) 19. Bd4
e5 $5 (19... f5 $5) 20. Be3 (20. fxe5 dxe5 21. Bc3 (21. Be3 Nc5 $36) 21... Nc5
$36) 20... exf4 (20... Nf6 $2 21. Nb6 $14 {[%cal Gb6d5] /+/-}) 21. Bxf4 Nc5 (
21... Rfe8 $5 {[%cal Ge7f8]}) (21... Ne5 22. Qg3 Ng6 (22... Bf6 $2 23. Bh6 $1
Ng6 24. Rxf6 gxf6 25. Qf2 $16 {/+-}) 23. Be3 {[%cal Ge3d4]} Bf6 $6 (23... Bh4
24. Qh3 {[%cal Ge3d4]}) 24. Rxf6 $1 gxf6 25. Nb6 $16 {[%cal Gb6d5,Ge3d4]}) 22.
Qg3 (22. Nxc5 dxc5 $15 {[%cal Ge7f6,Gf6d4,Ga8h1,Yf7f5] /-/+}) 22... Nxa4 $2 {
I can not explain this move,I do not know what black was fearing from?? but
after Nxe4 he has a big advantage,and now it's white who stands better} (22...
Nxe4 23. Nxe4 Qxe4 24. Rae1 Qd4+ 25. Kh1 Rfe8 {[%cal Ge7f8]} 26. c5 Bf8 $17 {
[%csl Rg2]}) 23. Rxa4 Kh8 (23... Rfe8 24. Be3 $1 {[%cal Gf1f8,Ge3d4]}) 24. Be3
$1 {[%cal Ge3d4,Gf1f8] a strong move with many many advantages,opening the "f"
file for white's rook,putting the bishop on it's best place "d4" and by doing
so allowing the "a4" to join the attack after Ra5} Qd7 $6 (24... Bf6 $2 25.
Rxf6 gxf6 26. Bd4 $18) (24... Bd8 $1 {preventing Ra5-Rf5,it's a good defencive
move}) 25. Ra5 $1 $36 {[%cal Ga5h5]} Qe6 26. Bd4 Qg6 (26... f6 $5) 27. Qf4 Rce8
28. h4 $1 h6 29. Rf5 f6 (29... Kg8 30. Rf3 $1 $16 f6 31. Rg3 Qh7 (31... Qf7 32.
Qxh6 $18 {[%cal Gf5h5]})) 30. h5 Qh7 $2 {a terrible move,we will have to put a
gun in my to force me to put my Queen there and just wait few more moves to
see where is went.30...Qf7 was the only move,of course white is better but
black is still alive} (30... Qf7) 31. Nf3 Bd8 (31... Bc8 32. Rd5 $5 (32. Nh4
Bxf5 33. exf5 Qg8 34. Ng6+ Kh7 35. Re1 $16) 32... Be6 33. Nh4 Bf7 34. Qg4 Rb8
35. Ng6+ Bxg6 36. hxg6 Qg8 37. Rh5) 32. Nh4 Bxe4 $6 (32... Rxe4 $142 33. Qxd6 (
33. Ng6+ Qxg6 (33... Kg8 34. Qxd6 $16) 34. hxg6 Rxf4 35. R5xf4 Re8 {white is
better no questions about it but the position is not clear as I think it
should be}) 33... Be7 34. Qg3 $1 (34. Qc7 $5 {maybe giving black some chances,
34.Qg3 gives no chances at all} Rxh4 35. Qxe7 Rg8 36. Bb2 Bxg2 $1 37. Kxg2 Rxh5
$13) 34... Kg8 35. Ng6 Re8 36. Qc7 $16 {[%csl Rh7]}) 33. Ng6+ Kg8 34. g4 {
[%csl Rh7]} Bxf5 $2 {giving the light colored bishop is the same as resigning,
black had to play 34...Bc7 but I doubt if this move would change the outcome
of the game} 35. Qxf5 {[%cal Rd5g8] black is simply without a queen,white will
simply change one pair of rooks along the "e" and that it!} Rf7 36. Qd5 f5 37.
Rxf5 Bf6 38. Kg2 Re2+ 39. Kf3 Re8 40. Qxd6 Bxd4 41. Rxf7 Re3+ 42. Kf4 Be5+ 43.
Qxe5 1-0